00720nam a2200241 a 4500001001300000003000900013005001700022008004100039020001000080082001900090100002300109245005100132260003700183300000900220500003500229505001700264650002000281700002300301902000800324942000700332952012200339999001700461nice12345678IN_TiNIC20260116015110.0050524s1993 caia grp 000 0 eng  ac30000a722.20462bWIL aWilliams, Caroline aIslamic Monuments in Cairob a Practical Guide aCairobAmerican Universityc1993 a311p aincludes index and biblioraphy2 aNotes, Index aMonuments-Egypt1 aWilliams, Caroline bSRS cBK 001040708StackRoom-aHMIbHMId2007-06-15g300.00l0o722.20462 WILp11001616r2007-06-15v300.00w2005-05-24yBK c18313d18313